[Event "HUN-chT 1920"]
[Site "Hungary"]
[Date "2019.12.01"]
[Round "3.6"]
[White "Szuk, Balazs"]
[Black "Bagi, Mate"]
[Result "1/2-1/2"]
[WhiteElo "2361"]
[BlackElo "2470"]
[PlyCount "47"]
[EventDate "2019.11.16"]
[EventType "team-tourn"]
[EventRounds "9"]
[EventCountry "HUN"]
[SourceTitle "CBM 193 Extra"]
[Source "ChessBase"]
[SourceDate "2020.01.31"]
[SourceVersion "1"]
[SourceVersionDate "2020.01.31"]
[SourceQuality "1"]
[WhiteTeam "Morihana"]
[BlackTeam "DVTK"]
[WhiteTeamCountry "HUN"]
[BlackTeamCountry "HUN"]

1. e4 e5 2. Nf3 Nc6 3. Nc3 Nf6 4. d4 exd4 5. Nxd4 Bb4 6. Nxc6 bxc6 7. Bd3 d6 8. 0-0 Ng4 9. Na4 Qh4 10. Bf4 Ne5 11. Bg3 Qe7 12. c3 Ba5 13. Be2 0-0 14. f4 Nd7 15. b4 Bb6+ 16. Nxb6 axb6 17. Bf3 Bb7 18. a4 Ra7 19. Re1 Rfa8 20. Bg4 Bc8 21. Bf3 Bb7 22. Bg4 Bc8 23. Bf3 Bb7 24. Bg4 1/2-1/2

[Event "HUN-chT 1920"]
[Site "Hungary"]
[Date "2019.11.16"]
[Round "1.7"]
[White "Tatar Kis, Szabolcs"]
[Black "Szuk, Balazs"]
[Result "1-0"]
[WhiteElo "2376"]
[BlackElo "2361"]
[PlyCount "67"]
[EventDate "2019.11.16"]
[EventType "team-tourn"]
[EventRounds "9"]
[EventCountry "HUN"]
[SourceTitle "CBM 193 Extra"]
[Source "ChessBase"]
[SourceDate "2020.01.31"]
[SourceVersion "1"]
[SourceVersionDate "2020.01.31"]
[SourceQuality "1"]
[WhiteTeam "Mako Duocor"]
[BlackTeam "Morihana"]
[WhiteTeamCountry "HUN"]
[BlackTeamCountry "HUN"]

1. e4 c5 2. Nf3 Nc6 3. d4 cxd4 4. Nxd4 Nf6 5. Nc3 e5 6. Ndb5 d6 7. Bg5 a6 8. Na3 b5 9. Bxf6 gxf6 10. Nd5 Bg7 11. g3 Ne7 12. Bg2 Nxd5 13. Qxd5 Be6 14. Qd2 Qb6 15. c3 0-0 16. 0-0 a5 17. Nc2 Rab8 18. a3 f5 19. exf5 Bxf5 20. Ne3 Bh6 21. Qe2 Bxe3 22. fxe3 Be6 23. Rf6 Kg7 24. Qf2 Qd8 25. Rf1 Bc4 26. Qf5 Bxf1 27. Be4 d5 28. Qg5+ Kh8 29. Qxe5 Qe8 30. Qxd5 Bh3 31. Rh6 Qd8 32. Qe5+ f6 33. Rxh7+ Kg8 34. Qh5 1-0

[Event "HUN-chT 1617"]
[Site "Hungary"]
[Date "2017.03.12"]
[Round "7.7"]
[White "Szuk, Balazs"]
[Black "Horvath, David G"]
[Result "1/2-1/2"]
[WhiteElo "2371"]
[BlackElo "2380"]
[PlyCount "65"]
[EventDate "2016.10.30"]
[EventType "team-tourn"]
[EventRounds "9"]
[EventCountry "HUN"]
[SourceTitle "EXT 2018"]
[Source "ChessBase"]
[SourceDate "2017.10.13"]
[SourceVersion "1"]
[SourceVersionDate "2017.10.13"]
[SourceQuality "1"]
[WhiteTeam "Penzugyor"]
[BlackTeam "Kobanya Aquarena"]
[WhiteTeamCountry "HUN"]
[BlackTeamCountry "HUN"]

1. e4 e6 2. d4 d5 3. Nd2 c5 4. exd5 exd5 5. Bb5+ Bd7 6. Qe2+ Be7 7. dxc5 Nf6 8. Ngf3 0-0 9. Nb3 Re8 10. Be3 a6 11. Bd3 a5 12. a4 Na6 13. Ne5 Nxc5 14. Nxc5 Bxc5 15. Bxc5 Ng4 16. f4 f6 17. Qf3 fxe5 18. Qxd5+ Kh8 19. 0-0-0 Nf6 20. Qb3 Qc8 21. fxe5 Qxc5 22. exf6 Qg5+ 23. Kb1 Qxf6 24. Bxh7 Be6 25. Qd3 Rad8 26. Qg6 Qe5 27. Rhe1 Rxd1+ 28. Rxd1 Bc4 29. Qf5 Qe2 30. Kc1 Qe3+ 31. Kb1 Qe2 32. Kc1 Qe3+ 33. Kb1 1/2-1/2

[Event "HUN-chT 1617"]
[Site "Hungary"]
[Date "2016.11.13"]
[Round "2.7"]
[White "Nguyen, Huynh Minh Huy"]
[Black "Szuk, Balazs"]
[Result "1/2-1/2"]
[WhiteElo "2449"]
[BlackElo "2371"]
[PlyCount "63"]
[EventDate "2016.10.30"]
[EventType "team-tourn"]
[EventRounds "9"]
[EventCountry "HUN"]
[SourceTitle "CBM 175 Extra"]
[Source "ChessBase"]
[SourceDate "2016.12.12"]
[SourceVersion "1"]
[SourceVersionDate "2016.12.12"]
[SourceQuality "1"]
[WhiteTeam "HASE Lila Futo"]
[BlackTeam "Penzugyor"]
[WhiteTeamCountry "HUN"]
[BlackTeamCountry "HUN"]

1. d4 Nf6 2. c4 c5 3. d5 d6 4. Nc3 g6 5. e4 Bg7 6. h3 0-0 7. Nf3 e6 8. Bd3 Na6 9. 0-0 Nc7 10. Re1 Rb8 11. dxe6 Nxe6 12. Be3 Nd7 13. Bf1 Ne5 14. Rb1 Nxf3+ 15. Qxf3 Nd4 16. Qd1 f5 17. exf5 Bxf5 18. Bd3 Qd7 19. Bxf5 Qxf5 20. Ne2 Nc2 21. Ng3 Nxe3 22. Nxf5 Nxd1 23. Nxg7 Nxf2 24. Ne6 Rf6 25. Nc7 Nd3 26. Nd5 Rf7 27. Re6 Rd8 28. b3 Nf4 29. Nxf4 Rxf4 30. Rd1 Kf7 31. Rexd6 Rxd6 32. Rxd6 1/2-1/2

[Event "HUN-chT 1617"]
[Site "Hungary"]
[Date "2016.10.30"]
[Round "1.7"]
[White "Bagi, Mate"]
[Black "Szuk, Balazs"]
[Result "1-0"]
[WhiteElo "2446"]
[BlackElo "2371"]
[PlyCount "37"]
[EventDate "2016.10.30"]
[EventType "team-tourn"]
[EventRounds "9"]
[EventCountry "HUN"]
[SourceTitle "CBM 175 Extra"]
[Source "ChessBase"]
[SourceDate "2016.12.12"]
[SourceVersion "1"]
[SourceVersionDate "2016.12.12"]
[SourceQuality "1"]
[WhiteTeam "DVTK"]
[BlackTeam "Penzugyor"]
[WhiteTeamCountry "HUN"]
[BlackTeamCountry "HUN"]

1. e4 c5 2. Nf3 Nc6 3. d4 cxd4 4. Nxd4 Qc7 5. Nc3 e6 6. Be2 a6 7. 0-0 Nf6 8. Be3 Bb4 9. Na4 0-0 10. c4 Bd6 11. g3 Nxe4 12. c5 Be7 13. Bf3 f5 14. Nb6 Rb8 15. Bf4 e5 16. Nxf5 Bxc5 17. Nxc8 Nf6 18. Be3 Bxe3 19. Nce7+ 1-0

[Event "HUN-chT 1516"]
[Site "Hungary"]
[Date "2016.04.17"]
[Round "9.9"]
[White "Balint, Vilmos"]
[Black "Szuk, Balazs"]
[Result "0-1"]
[WhiteElo "2276"]
[BlackElo "2361"]
[PlyCount "86"]
[EventDate "2015.11.07"]
[EventType "team-tourn"]
[EventRounds "11"]
[EventCountry "HUN"]
[SourceTitle "CBM 171 Extra"]
[Source "ChessBase"]
[SourceDate "2016.04.26"]
[SourceVersion "1"]
[SourceVersionDate "2016.04.26"]
[SourceQuality "1"]
[WhiteTeam "Husi"]
[BlackTeam "Penzugyor"]
[WhiteTeamCountry "HUN"]
[BlackTeamCountry "HUN"]

1. Nf3 c5 2. c4 Nf6 3. Nc3 d5 4. cxd5 Nxd5 5. g3 Nc6 6. Bg2 Nc7 7. d3 e5 8. Be3 Bd7 9. Nd2 Be7 10. 0-0 0-0 11. Nc4 b6 12. Bxc6 Bxc6 13. Nxe5 Bb7 14. Qa4 Qd6 15. Bf4 Qe6 16. Qd7 Bd6 17. Ne4 Bxe4 18. dxe4 Rfe8 19. Qxe6 Nxe6 20. Nd3 Nxf4 21. Nxf4 Bxf4 22. gxf4 Rxe4 23. e3 Kf8 24. Rfd1 Ke7 25. Kg2 Rb4 26. b3 a5 27. Rac1 Rd8 28. Rxd8 Kxd8 29. Rc4 Kd7 30. Kf3 Kc6 31. Rxb4 axb4 32. Ke4 b5 33. Kd3 Kd6 34. e4 Ke6 35. f5+ Kf6 36. f4 g5 37. fxg5+ Kxg5 38. Ke3 c4 39. bxc4 bxc4 40. Kd4 c3 41. Kd3 Kf4 42. f6 Ke5 43. a4 bxa3 0-1

[Event "HUN-chT 1516"]
[Site "Hungary"]
[Date "2016.04.16"]
[Round "8.9"]
[White "Szuk, Balazs"]
[Black "Sardy, Peter"]
[Result "1-0"]
[WhiteElo "2361"]
[BlackElo "2346"]
[PlyCount "139"]
[EventDate "2015.11.07"]
[EventType "team-tourn"]
[EventRounds "11"]
[EventCountry "HUN"]
[SourceTitle "CBM 171 Extra"]
[Source "ChessBase"]
[SourceDate "2016.04.26"]
[SourceVersion "1"]
[SourceVersionDate "2016.04.26"]
[SourceQuality "1"]
[WhiteTeam "Penzugyor"]
[BlackTeam "HVSE Infraplan"]
[WhiteTeamCountry "HUN"]
[BlackTeamCountry "HUN"]

1. e4 c5 2. Nf3 e6 3. c4 Nc6 4. Nc3 Nf6 5. Be2 d5 6. exd5 exd5 7. d4 cxd4 8. Nxd4 Bb4 9. 0-0 0-0 10. cxd5 Nxd5 11. Nxc6 bxc6 12. Nxd5 cxd5 13. Bf3 Be6 14. Be3 Qe7 15. Rc1 Rfd8 16. Qd4 Ba5 17. Rfd1 Bb6 18. Qf4 Qf6 19. Qxf6 gxf6 20. Rc2 Rac8 21. Bxb6 axb6 22. Rcd2 Rd6 23. h3 Kg7 24. g4 Ra8 25. a3 Rad8 26. Rd4 Rc8 27. R1d2 Kf8 28. Kg2 Ke7 29. Kg3 Rc4 30. R4d3 d4 31. Bd1 f5 32. Bb3 Rc1 33. Bxe6 fxe6 34. Rxd4 Rxd4 35. Rxd4 Rc5 36. f4 h6 37. g5 e5 38. Rb4 hxg5 39. fxg5 b5 40. h4 Ke6 41. h5 Rc1 42. g6 f4+ 43. Kh2 Rc8 44. Kh3 Rc1 45. g7 Kf7 46. Rxb5 Rh1+ 47. Kg4 Rg1+ 48. Kf3 Rg3+ 49. Kf2 Kxg7 50. Rxe5 Rb3 51. a4 Rxb2+ 52. Kf3 Ra2 53. Ra5 Kh6 54. Kxf4 Rc2 55. Ke3 Rc4 56. Kf3 Rb4 57. Ke2 Rd4 58. Ke3 Rb4 59. Kd3 Rg4 60. Ra8 Rf4 61. a5 Ra4 62. a6 Ra5 63. Kc4 Kh7 64. Kb4 Ra1 65. Kc5 Rf1 66. Rd8 Rc1+ 67. Kb6 Rb1+ 68. Ka7 Rb5 69. Rd6 Rxh5 70. Kb7 1-0

[Event "HUN-chT 1516"]
[Site "Hungary"]
[Date "2015.12.06"]
[Round "4.9"]
[White "Gyorkos, Lajos"]
[Black "Szuk, Balazs"]
[Result "1-0"]
[WhiteElo "2358"]
[BlackElo "2361"]
[PlyCount "77"]
[EventDate "2015.11.07"]
[EventType "team-tourn"]
[EventRounds "11"]
[EventCountry "HUN"]
[SourceTitle "CBM 169 Extra"]
[Source "ChessBase"]
[SourceDate "2015.12.18"]
[SourceVersion "1"]
[SourceVersionDate "2015.12.18"]
[SourceQuality "1"]
[WhiteTeam "Paks"]
[BlackTeam "Penzugyor"]
[WhiteTeamCountry "HUN"]
[BlackTeamCountry "HUN"]

1. d4 Nf6 2. Nf3 g6 3. g3 c5 4. Bg2 cxd4 5. 0-0 Bg7 6. Nxd4 Nc6 7. c4 Qb6 8. Nc2 0-0 9. Nc3 d6 10. b3 Rd8 11. Rb1 Qa5 12. Bd2 Qh5 13. e4 Qxd1 14. Rfxd1 Be6 15. Nd5 Rdc8 16. Bg5 Bxd5 17. exd5 Ne5 18. Rd2 a6 19. Be3 Nfd7 20. Bd4 Rab8 21. Re1 Re8 22. f4 Ng4 23. Bxg7 Kxg7 24. Nd4 Ngf6 25. Bf3 Ng8 26. g4 Rbc8 27. g5 Rc5 28. Kg2 Rd8 29. Rc2 Rc7 30. h4 Nb6 31. Kg3 Nc8 32. h5 Na7 33. hxg6 hxg6 34. Rec1 b6 35. f5 gxf5 36. Kf4 e5+ 37. dxe6 Ne7 38. exf7 Kxf7 39. Bh5+ 1-0

[Event "HUN-chT 1516"]
[Site "Hungary"]
[Date "2015.11.07"]
[Round "1"]
[White "Szuk, Balazs"]
[Black "Farkas, Richard"]
[Result "1/2-1/2"]
[WhiteElo "2361"]
[BlackElo "2307"]
[PlyCount "59"]
[EventDate "2015.11.07"]
[EventType "team-tourn"]
[EventRounds "11"]
[EventCountry "HUN"]
[SourceTitle "CBM 169 Extra"]
[Source "ChessBase"]
[SourceDate "2015.12.18"]
[SourceVersion "1"]
[SourceVersionDate "2015.12.18"]
[SourceQuality "1"]
[WhiteTeam "Penzugyor"]
[BlackTeam "Kobanya Aquarena"]
[WhiteTeamCountry "HUN"]
[BlackTeamCountry "HUN"]

1. c4 c5 2. Nf3 Nc6 3. Nc3 g6 4. e3 Nf6 5. d4 cxd4 6. exd4 d5 7. cxd5 Nxd5 8. Qb3 e6 9. Bg5 Be7 10. Bxe7 Ndxe7 11. Rd1 0-0 12. Bb5 Nf5 13. Bxc6 bxc6 14. 0-0 Ba6 15. Rfe1 Qb6 16. Qxb6 axb6 17. Ne5 Rac8 18. g4 Nh4 19. Re3 Rc7 20. g5 Nf5 21. Rh3 Kg7 22. Na4 Rd8 23. Nxb6 Nxd4 24. Kg2 c5 25. Rc3 Rd6 26. b4 Rxb6 27. Rxd4 cxd4 28. Rxc7 Rxb4 29. Rxf7+ Kg8 30. Rd7 1/2-1/2

[Event "HUN-chT 1415"]
[Site "Hungary"]
[Date "2014.12.14"]
[Round "4.3"]
[White "Szuk, Balazs"]
[Black "Bagi, Mate"]
[Result "1/2-1/2"]
[WhiteElo "2371"]
[BlackElo "2369"]
[PlyCount "35"]
[EventDate "2014.10.12"]
[EventType "team-tourn"]
[EventRounds "9"]
[EventCountry "HUN"]
[SourceTitle "EXT 2016"]
[Source "ChessBase"]
[SourceDate "2015.10.08"]
[SourceVersion "1"]
[SourceVersionDate "2015.10.08"]
[SourceQuality "1"]
[WhiteTeam "Penzugyor"]
[BlackTeam "Budapest Titanok"]
[WhiteTeamCountry "HUN"]
[BlackTeamCountry "HUN"]

1. e4 e5 2. Nf3 Nc6 3. Nc3 Nf6 4. d4 exd4 5. Nxd4 Bc5 6. Nxc6 bxc6 7. Bd3 0-0 8. 0-0 Re8 9. Bg5 h6 10. Bh4 Bd4 11. Kh1 d6 12. f4 Bd7 13. Rb1 Rb8 14. Qc1 Bxc3 15. bxc3 Rxb1 16. Qxb1 c5 17. Qb7 a5 18. h3 1/2-1/2

[Event "HUN-chT 1415"]
[Site "Hungary"]
[Date "2014.11.16"]
[Round "2.3"]
[White "Szuk, Balazs"]
[Black "Tompa, Janos"]
[Result "1/2-1/2"]
[WhiteElo "2371"]
[BlackElo "2383"]
[PlyCount "57"]
[EventDate "2014.10.12"]
[EventType "team-tourn"]
[EventRounds "9"]
[EventCountry "HUN"]
[SourceTitle "CBM 163 Extra"]
[Source "ChessBase"]
[SourceDate "2014.12.23"]
[SourceVersion "1"]
[SourceVersionDate "2014.12.23"]
[SourceQuality "1"]
[WhiteTeam "Penzugyor"]
[BlackTeam "Dunaharaszti"]
[WhiteTeamCountry "HUN"]
[BlackTeamCountry "HUN"]

1. e4 c5 2. Nf3 e6 3. c4 Nc6 4. Nc3 Nf6 5. Be2 a6 6. 0-0 d5 7. exd5 exd5 8. d4 dxc4 9. d5 Na5 10. Re1 Bd6 11. Bxc4+ Kf8 12. Be2 h6 13. Nd2 Bf5 14. Bf3 Qc7 15. h3 Rd8 16. Be4 Nxe4 17. Ndxe4 Nc4 18. Nxd6 Qxd6 19. Qf3 Qd7 20. b3 Nd6 21. Ba3 b6 22. Na4 Qb5 23. Rac1 Kg8 24. Nxb6 Be4 25. Qe3 Qxb6 26. Bxc5 Qb7 27. Bxd6 Bxg2 28. Kxg2 Qxd5+ 29. Qf3 1/2-1/2

[Event "HUN-chT 1314"]
[Site "Hungary"]
[Date "2013.10.20"]
[Round "3"]
[White "Horvath, Gyula"]
[Black "Szuk, Balazs"]
[Result "1/2-1/2"]
[WhiteElo "2344"]
[BlackElo "2392"]
[PlyCount "48"]
[EventDate "2013.09.08"]
[EventType "team-tourn"]
[EventRounds "9"]
[EventCountry "HUN"]
[SourceTitle "EXT 2015"]
[Source "ChessBase"]
[SourceDate "2014.11.20"]
[SourceVersion "1"]
[SourceVersionDate "2014.11.20"]
[SourceQuality "1"]
[WhiteTeam "Csuti"]
[BlackTeam "Penzugyor"]
[WhiteTeamCountry "HUN"]
[BlackTeamCountry "HUN"]

1. e4 c5 2. Nf3 Nc6 3. Bb5 Qb6 4. Nc3 e6 5. 0-0 Nge7 6. Re1 a6 7. Bf1 Ng6 8. b3 Be7 9. Bb2 0-0 10. g3 Qa7 11. a4 Bf6 12. Bg2 d5 13. Qc1 d4 14. Nd1 Qb8 15. Ba3 Be7 16. c3 e5 17. cxd4 cxd4 18. Bxe7 Ngxe7 19. Qa3 b5 20. axb5 Qxb5 21. Nb2 Be6 22. Bf1 Qxb3 23. Qxb3 Bxb3 24. Rxa6 Rxa6 1/2-1/2

[Event "HUN-chT 1314"]
[Site "Hungary"]
[Date "2013.09.08"]
[Round "1"]
[White "Szuk, Balazs"]
[Black "Lizak, Peter"]
[Result "1/2-1/2"]
[WhiteElo "2392"]
[BlackElo "2408"]
[PlyCount "48"]
[EventDate "2013.09.08"]
[EventType "team-tourn"]
[EventRounds "9"]
[EventCountry "HUN"]
[SourceTitle "EXT 2015"]
[Source "ChessBase"]
[SourceDate "2014.11.20"]
[SourceVersion "1"]
[SourceVersionDate "2014.11.20"]
[SourceQuality "1"]
[WhiteTeam "Penzugyor"]
[BlackTeam "Paks"]
[WhiteTeamCountry "HUN"]
[BlackTeamCountry "HUN"]

1. e4 c6 2. d4 d5 3. Nc3 dxe4 4. Nxe4 Bf5 5. Ng3 Bg6 6. Nh3 Nf6 7. Nf4 Nbd7 8. h4 e5 9. Nxg6 hxg6 10. dxe5 Nxe5 11. Qxd8+ Rxd8 12. Be2 Bb4+ 13. c3 Bc5 14. Bg5 Nd3+ 15. Bxd3 Rxd3 16. Ke2 Rd7 17. Rad1 Be7 18. Kf3 Rxd1 19. Rxd1 Nd7 20. Bxe7 Kxe7 21. h5 Ne5+ 22. Ke4 Nc4 23. hxg6 fxg6 24. b3 Nd6+ 1/2-1/2

[Event "HUN-chT 1213"]
[Site "Hungary"]
[Date "2012.10.07"]
[Round "2"]
[White "Berczes, David"]
[Black "Szuk, Balazs"]
[Result "1-0"]
[WhiteElo "2528"]
[BlackElo "2397"]
[PlyCount "109"]
[EventDate "2012.09.16"]
[EventType "team-tourn"]
[EventRounds "9"]
[EventCountry "HUN"]
[SourceTitle "EXT 2013"]
[Source "ChessBase"]
[SourceDate "2012.11.22"]
[SourceVersion "1"]
[SourceVersionDate "2012.11.22"]
[SourceQuality "1"]
[WhiteTeam "Aquaprofit"]
[BlackTeam "Penzugyor"]
[WhiteTeamCountry "HUN"]
[BlackTeamCountry "HUN"]

1. d4 Nf6 2. c4 c5 3. d5 d6 4. Nc3 g6 5. e4 Bg7 6. Nf3 0-0 7. h3 e6 8. Bd3 exd5 9. exd5 Re8+ 10. Be3 Nbd7 11. 0-0 Nh5 12. Qd2 Ne5 13. Be2 Bd7 14. Rfe1 Nf6 15. Nh2 Bf5 16. g4 Bc8 17. Bg5 Qb6 18. f4 Ned7 19. Bd3 Rf8 20. Nf3 a6 21. f5 Ne5 22. Nxe5 dxe5 23. Bh6 gxf5 24. Bxg7 Kxg7 25. Rxe5 fxg4 26. Qg5+ Kh8 27. Qh6 Rg8 28. Rf1 gxh3+ 29. Rg5 Bf5 30. Rfxf5 Nxd5 31. Qxb6 Nxb6 32. Kh2 Rad8 33. Rxg8+ Kxg8 34. Be2 Rd2 35. b3 Rc2 36. Rf3 Nd7 37. Re3 Kf8 38. Kxh3 f6 39. Bd1 Rd2 40. Bf3 b6 41. Be4 Ne5 42. Re2 Rd4 43. Bxh7 Nf7 44. Kg3 Kg7 45. Bc2 Ne5 46. Nd5 b5 47. Nc7 Rg4+ 48. Kh3 Rg1 49. cxb5 axb5 50. Nxb5 Nf3 51. Be4 Ng5+ 52. Kh2 Rg4 53. Nd6 f5 54. Nxf5+ Kf6 55. Ng3 1-0

[Event "HUN-chT 1112"]
[Site "Hungary"]
[Date "2012.05.06"]
[Round "10"]
[White "Szuk, Balazs"]
[Black "Bagi, Mate"]
[Result "1-0"]
[WhiteElo "2401"]
[BlackElo "2309"]
[PlyCount "71"]
[EventDate "2011.09.25"]
[EventType "team-tourn"]
[EventRounds "11"]
[EventCountry "HUN"]
[SourceTitle "EXT 2013"]
[Source "ChessBase"]
[SourceDate "2012.11.22"]
[SourceVersion "1"]
[SourceVersionDate "2012.11.22"]
[SourceQuality "1"]
[WhiteTeam "Penzugyor"]
[BlackTeam "Tatai Honved"]
[WhiteTeamCountry "HUN"]
[BlackTeamCountry "HUN"]

1. e4 e5 2. Nc3 Nf6 3. g3 d5 4. exd5 Nxd5 5. Bg2 Nxc3 6. bxc3 Bc5 7. Nf3 Nc6 8. 0-0 0-0 9. Re1 Re8 10. d4 exd4 11. Rxe8+ Qxe8 12. cxd4 Bb6 13. Bb2 Bg4 14. Qd2 Qd7 15. d5 Bxf3 16. Bxf3 Ne7 17. Qc3 f6 18. Qb3 Kh8 19. a4 Rb8 20. Ba3 Bd4 21. Rd1 Be5 22. c4 b6 23. c5 Rd8 24. d6 cxd6 25. cxb6 axb6 26. Qxb6 d5 27. a5 d4 28. Bxe7 Qxe7 29. a6 Bb8 30. Rxd4 Rxd4 31. Qxb8+ Rd8 32. Qxd8+ Qxd8 33. a7 f5 34. a8Q Qxa8 35. Bxa8 g5 36. Kf1 1-0

[Event "HUN-chT 1112"]
[Site "Hungary"]
[Date "2011.10.30"]
[Round "2"]
[White "Kislik, Erik Andrew"]
[Black "Szuk, Balazs"]
[Result "1/2-1/2"]
[WhiteElo "2320"]
[BlackElo "2401"]
[PlyCount "106"]
[EventDate "2011.09.25"]
[EventType "team-tourn"]
[EventRounds "11"]
[EventCountry "HUN"]
[SourceTitle "EXT 2012"]
[Source "ChessBase"]
[SourceDate "2011.11.24"]
[SourceVersion "1"]
[SourceVersionDate "2011.11.24"]
[SourceQuality "1"]
[WhiteTeam "Toth Laszlo"]
[BlackTeam "Penzugyor"]
[WhiteTeamCountry "HUN"]
[BlackTeamCountry "HUN"]

1. d4 Nf6 2. c4 c5 3. d5 d6 4. Nc3 g6 5. h3 Bg7 6. Bf4 a6 7. a4 Qa5 8. Ra3 Ne4 9. Qc1 Nd7 10. f3 Nxc3 11. bxc3 Nb6 12. e4 Nxa4 13. Bd2 b5 14. Bd3 Bd7 15. Bc2 Qc7 16. Bxa4 bxa4 17. Ne2 Rb8 18. Qc2 Qb7 19. Nc1 0-0 20. Ke2 Qb1 21. Qxb1 Rxb1 22. Rd1 Rfb8 23. Nd3 a5 24. Ra2 R1b3 25. Rc1 a3 26. Ne1 Bc8 27. Kd3 e6 28. g4 f5 29. Rca1 fxe4+ 30. fxe4 exd5 31. exd5 h5 32. Rxa3 hxg4 33. hxg4 Bxg4 34. Rxb3 Bf5+ 35. Ke2 Rxb3 36. Rxa5 Bxc3 37. Bxc3 Rxc3 38. Ra6 Rxc4 39. Rxd6 Kf7 40. Ng2 Ke7 41. Rc6 Kd7 42. Ne3 Rc3 43. Nxf5 gxf5 44. Rf6 c4 45. Rxf5 Kd6 46. Kd2 Rd3+ 47. Kc2 Kc5 48. d6+ Kb4 49. Rf8 Rxd6 50. Rb8+ Kc5 51. Kc3 Rd3+ 52. Kc2 Rd5 53. Kc3 Rd3+ 1/2-1/2

[Event "HUN-chT 1011"]
[Site "Hungary"]
[Date "2011.04.17"]
[Round "9"]
[White "Szuk, Balazs"]
[Black "Hujbert, Florian"]
[Result "1/2-1/2"]
[WhiteElo "2403"]
[BlackElo "2395"]
[PlyCount "69"]
[EventDate "2010.10.10"]
[EventType "team-tourn"]
[EventRounds "11"]
[EventCountry "HUN"]
[SourceTitle "EXT 2012"]
[Source "ChessBase"]
[SourceDate "2011.11.24"]
[SourceVersion "1"]
[SourceVersionDate "2011.11.24"]
[SourceQuality "1"]
[WhiteTeam "Penzugyor"]
[BlackTeam "Vasas"]
[WhiteTeamCountry "HUN"]
[BlackTeamCountry "HUN"]

1. e4 c6 2. c4 e5 3. Nf3 d6 4. d4 Bg4 5. Be2 Nd7 6. 0-0 Ngf6 7. Nc3 Be7 8. Be3 0-0 9. Qc2 Re8 10. a3 Qc7 11. b4 exd4 12. Bxd4 Ne5 13. Nxe5 dxe5 14. Be3 Be6 15. c5 Ng4 16. Bd2 Rad8 17. f3 Nf6 18. Be3 h6 19. Rfd1 Nh5 20. g3 Bg5 21. Bf2 g6 22. Rxd8 Rxd8 23. Rd1 Ng7 24. Rd3 Bh3 25. Bf1 Bc8 26. Qd1 Ne6 27. h4 Rxd3 28. Qxd3 Bf6 29. Qd2 h5 30. Bc4 b5 31. Ba2 Nd4 32. Bxd4 exd4 33. Ne2 Qd7 34. Nf4 Kg7 35. Nd3 1/2-1/2

[Event "HUN-chT 1011"]
[Site "Hungary"]
[Date "2011.02.20"]
[Round "6"]
[White "Jakab, Attila"]
[Black "Szuk, Balazs"]
[Result "0-1"]
[WhiteElo "2413"]
[BlackElo "2403"]
[PlyCount "94"]
[EventDate "2010.10.10"]
[EventType "team-tourn"]
[EventRounds "11"]
[EventCountry "HUN"]
[SourceTitle "EXT 2012"]
[Source "ChessBase"]
[SourceDate "2011.11.24"]
[SourceVersion "1"]
[SourceVersionDate "2011.11.24"]
[SourceQuality "1"]
[WhiteTeam "Taban Spartacus"]
[BlackTeam "Penzugyor"]
[WhiteTeamCountry "HUN"]
[BlackTeamCountry "HUN"]

1. d4 Nf6 2. c4 c5 3. d5 e6 4. Nc3 exd5 5. cxd5 d6 6. e4 g6 7. Nge2 Bg7 8. Ng3 h5 9. Be2 h4 10. Nf1 h3 11. g4 0-0 12. Ng3 Na6 13. 0-0 Nc7 14. a4 a6 15. f4 Rb8 16. g5 Nh7 17. Bg4 b5 18. Qf3 bxa4 19. Rxa4 Qe7 20. Bxc8 Rfxc8 21. Qg4 Qe8 22. Ra3 Nb5 23. Rxa6 Nxc3 24. bxc3 Bxc3 25. Rxd6 c4 26. e5 Bb4 27. Ne4 Rc7 28. Rf6 Qb5 29. d6 Rcb7 30. Qxh3 Qd5 31. Qg2 Bc5+ 32. Kh1 Rb1 33. f5 R8b2 34. Qf3 Qxe5 35. Ng3 Rb3 36. Qe4 Qxe4+ 37. Nxe4 Nxf6 38. fxg6 Nxe4 39. gxf7+ Kf8 40. g6 Nf2+ 41. Kg2 Rxc1 42. Rxc1 Ng4 43. d7 Rd3 44. Ra1 Rxd7 45. Ra8+ Kg7 46. Rg8+ Kf6 47. h4 Rc7 0-1

[Event "HUN-chT 0910"]
[Site "Hungary"]
[Date "2010.04.11"]
[Round "9"]
[White "Szuk, Balazs"]
[Black "Tompa, Janos"]
[Result "0-1"]
[WhiteElo "2420"]
[BlackElo "2406"]
[PlyCount "100"]
[EventDate "2009.11.08"]
[EventType "team-tourn"]
[EventRounds "11"]
[EventCountry "HUN"]
[SourceTitle "EXT 2011"]
[Source "ChessBase"]
[SourceDate "2010.11.26"]
[SourceVersion "1"]
[SourceVersionDate "2010.11.26"]
[SourceQuality "1"]
[WhiteTeam "Penzugyor"]
[BlackTeam "Dunaharaszti"]
[WhiteTeamCountry "HUN"]
[BlackTeamCountry "HUN"]

1. e4 c5 2. Nf3 e6 3. c4 b6 4. Nc3 Bb7 5. Be2 d6 6. d4 cxd4 7. Nxd4 Nf6 8. f3 Nbd7 9. 0-0 Be7 10. Be3 a6 11. Qd2 0-0 12. Rac1 Rc8 13. Rfd1 Qc7 14. Kh1 Qb8 15. Nc2 Rfe8 16. Bf4 Ne5 17. b3 Red8 18. Bg3 Qc7 19. Nd4 h6 20. f4 Nc6 21. Bf3 Nxd4 22. Qxd4 Nd7 23. Qe3 Ba8 24. Rd3 b5 25. cxb5 axb5 26. Rcd1 Qa5 27. Qd2 b4 28. Ne2 Nf6 29. Rd4 d5 30. e5 Ne4 31. Qb2 Bc6 32. Be1 Bc5 33. R4d3 Bb5 34. Bxe4 dxe4 35. Rxd8+ Rxd8 36. Rxd8+ Qxd8 37. Qc2 Qd5 38. h3 Bd3 39. Qd1 Bb6 40. Kh2 Qc5 41. Bd2 Qf2 42. Ng3 e3 43. Bxb4 e2 44. Qc1 Be3 45. Qe1 Qxf4 46. Kh1 Bf2 47. Nxe2 Bxe2 48. Qxe2 Qc1+ 49. Be1 Qxe1+ 50. Qxe1 Bxe1 0-1